000 01246nam a2200361 i 4500
001 10907
003 KOSZ 005
005 20210823134109.0
008 080313s1967 pl a f 001 0 pol
015 _aPB 1967/9575
040 _aWA N
_cKOSZ 005/RW
_dKOSZ 005/RW
_dKOSZ 005/HR
046 _k1967
080 _a517
080 _a(075.8)
100 1 _aLeja, Franciszek
_d(1885-1979).
_eAutor
245 1 0 _aFunkcje zespolone /
_cFranciszek Leja.
260 _aWarszawa :
_bPaństwowe Wydawnictwo Naukowe,
_c1967.
300 _a314, [2] s. :
_bil., err. ;
_c24 cm.
380 _aKsiążki
380 _aPublikacje dydaktyczne
385 _mPoziom nauczania
_aszkoły wyższe
388 _a1901-
490 1 _aBiblioteka Matematyczna ;
_vt. 29.
500 _aM. in.: Siciak J.: Wstęp do teorii funkcji analitycznych wielu zmiennych.
504 _aBibliogr. s. [303]. Indeks.
658 _aMatematyka
655 4 _aPodręczniki akademickie
650 4 _aFunkcje zespolone
710 2 _aPaństwowe Wydawnictwo Naukowe
_4pbl.
830 0 _aBiblioteka Matematyczna,
_vt. 29.
856 _uhttp://koha.tu.koszalin.pl/cgi-bin/koha/opac-detail.pl?biblionumber=10907
_yKatalog online BPK
942 _2UKD
_cKS
999 _c10907
_d10907